[Event "CRO-ch Youth U17 2020"]
[Site "Vinkovci"]
[Date "2020.07.29"]
[Round "2.3"]
[White "Mazuran, Gabrijel"]
[Black "Mrvac, Petar"]
[Result "0-1"]
[WhiteElo "2053"]
[BlackElo "1848"]
[Annotator "TA"]
[PlyCount "84"]
[EventDate "2020.07.28"]
[EventType "swiss"]
[EventCountry "CRO"]
[SourceTitle "playchess.com"]
[Source "ChessBase"]
[SourceQuality "1"]

{[%evp 12,84,23,17,36,31,43,19,22,25,36,32,45,49,47,34,35,35,33,36,33,33,33,-16,39,37,35,25,26,25,17,0,29,9,20,0,-10,0,0,-71,-82,-90,-70,-87,-81,-106,-77,-111,0,-74,-74,-74,-80,-77,-63,-56,-67,-182,-138,-481,-388,-475,-461,-1046,-1004,-1221,-1169,-1059,-747,-29984,-29985,-29985,-29986,-29996,-29997]} 1. d4 Nf6 2. Nf3 d5 3. c4 c6 4. e3 e6 5. b3 Bd6 6. Bd3 Nbd7 7. Bb2 Ne4 {A06: Réti Opening: 1 Nf3 d5.} 8. O-O f5 9. Ne5 O-O {The position is equal.} 10. f3 Ng5 11. Qe2 Nxe5 12. dxe5 Bc5 {[#]} 13. f4 $146 ({Predecessor:} 13. Kh1 Bd7 14. Nc3 Qe7 15. a3 a6 16. b4 Ba7 17. c5 Nf7 18. Na4 Rad8 19. f4 {1-0 (32) Sethuraman,S (2332)-Faizulaev,A (2239) Tashkent 2007}) 13... Ne4 14. Bxe4 fxe4 15. Ba3 Qe7 16. Bxc5 Qxc5 17. Nc3 b6 (17... b5 $1 $11) 18. Na4 Qb4 19. Qe1 Qe7 20. Rf2 Ba6 21. Rc1 Rac8 22. c5 Bb5 (22... Qc7 {looks sharper.} 23. Nb2 Rf7 24. Rfc2 b5 25. b4 Bb7) 23. cxb6 (23. Rfc2 {is more complex.} Bd3 24. Rd2 Qc7 25. Nb2 Ba6 26. Rdc2) 23... Bxa4 24. bxa4 axb6 25. Rfc2 (25. Rb2 $11 {remains equal.}) 25... c5 $17 26. Rb2 Qa7 27. Rcb1 Rc6 28. Qd1 Rfc8 29. f5 exf5 (29... Qf7 $17 30. f6 gxf6 31. exf6 Qxf6 32. Rxb6 Rxb6 33. Rxb6 c4) 30. Qxd5+ (30. a5 $11) 30... Qf7 31. Qxf7+ Kxf7 32. Rxb6 Rxb6 33. Rxb6 {[%mdl 4096] Endgame KR-KR} c4 34. Rb2 (34. a5 $15) 34... Ke6 35. Rc2 $2 {[%mdl 8192] [#] Now White is beyond hope.} (35. Rb1 $17 {is tougher.}) 35... Kxe5 36. Kf2 c3 37. a5 (37. Rc1 $142 Kd5 38. Rd1+ Kc5 39. Ke2) 37... Kd5 $19 38. Ke2 Kc4 39. h3 Rb8 {Threatens to win with ...Rb2.} 40. g3 Rb2 {Black mates.} 41. Kd1 {[#]} Kd3 $1 {[%mdl 576] Double Attack} 42. a6 Rxc2 {Accuracy: White = 50%, Black = 83%.} 0-1

[Event "CRO-ch Youth U17 2020"]
[Site "Vinkovci"]
[Date "2020.07.29"]
[Round "2.4"]
[White "Matota, Dominik"]
[Black "Levacic, Matej"]
[Result "0-1"]
[WhiteElo "1807"]
[BlackElo "2040"]
[Annotator "TA"]
[PlyCount "124"]
[EventDate "2020.07.28"]
[EventType "swiss"]
[EventCountry "CRO"]
[SourceTitle "playchess.com"]
[Source "ChessBase"]
[SourceQuality "1"]

{[%evp 15,124,24,31,0,0,-39,-29,-77,-70,-74,-69,-79,-85,-76,-54,-52,-45,-44,-37,-60,-38,-39,-49,-71,-70,-70,-69,-59,-66,-66,-67,-80,-77,-75,-62,-70,-69,-72,-43,-52,-31,-34,-42,-43,-7,-87,-87,-127,-127,-147,-141,-204,-207,-195,-195,-204,-197,-199,-165,-165,-170,-166,-149,-231,-231,-216,-193,-186,-181,-168,-179,-495,-482,-508,-272,-240,-217,-213,-88,-72,-68,-554,-374,-768,-466,-1015,-147,-149,-142,-135,-135,-29975,-29976,-29973,-29977,-29977,-29978,-29978,-29979,-29979,-29980,-29980,-29981,-29981,-29982,-29982,-29983,-29983,-29984,-29984,-29985]} 1. Nf3 Nf6 2. d4 d5 3. e3 c5 4. c4 cxd4 5. exd4 g6 6. Nc3 Bg7 7. cxd5 O-O 8. Bc4 Nbd7 {[%cal Bb8d7,Bd7b6,Bb6d5][%mdl 32]} 9. Bg5 {B14: Caro-Kann: Panov-Botvinnik Attack with 5...e6 and 5...g6.} Nb6 10. Bxf6 (10. Bb3 {seems wilder.} Nbxd5 11. Rc1 h6 12. Bd2 Nb4 13. Be3) 10... exf6 11. Be2 {Black has an edge.} Nxd5 12. O-O Be6 13. Qd2 Rc8 14. Rac1 {[#]} Qa5 $146 ({Predecessor:} 14... f5 15. Rfd1 Bf6 16. b3 Nxc3 17. Rxc3 Qd6 18. Rdc1 Rxc3 19. Rxc3 Rd8 20. Rd3 Bd5 {½-½ (31) Marta,D (2145)-Buzas,B (2038) Balatonlelle 2015}) 15. Nxd5 Qxd5 16. b3 Qd6 17. Rfd1 Bd5 18. Rxc8 Rxc8 19. Rc1 Rd8 20. Qa5 a6 21. Qc7 Qxc7 22. Rxc7 Bf8 23. Rc1 Ba3 24. Rd1 Rc8 25. Ne1 Kf8 26. Bd3 Ke7 27. Nc2 Bb2 28. Ne3 Bc6 29. d5 Bb5 30. Bc4 (30. d6+ $11 {keeps the balance.} Kd7 31. Be4) 30... Kd6 $1 $17 31. a4 Bd7 32. Rb1 Bd4 33. Nc2 (33. Kf1 $17 {might work better.}) 33... Bf5 $19 34. Rd1 {[#]} Bxf2+ $1 {[%mdl 512]} 35. Kxf2 {aiming for Ne3.} Bxc2 {[%mdl 4096] Endgame KRB-KRB} 36. Rd2 Bf5 37. Ke3 Re8+ 38. Kd4 Re5 39. h3 (39. Rf2 $17) 39... Bd7 40. Kc3 b5 41. axb5 axb5 42. Be2 Rxd5 43. Rxd5+ $2 (43. Ra2 {is tougher.}) 43... Kxd5 {KB-KB} 44. Kb4 Kd6 45. Bxb5 Be6 46. Bc4 Kc6 (46... f5 $19 {has better winning chances. Threatens to win with ...f4.} 47. h4 Bxc4 48. Kxc4 f4) 47. Bb5+ $17 Kb6 {Strongly threatening ...Bxb3!} 48. Bc4 $2 {[%mdl 8192]} ({White should try} 48. Bf1 $15) 48... f5 49. h4 $2 (49. Be2 g5 50. Kc3) 49... h6 50. g3 (50. Bd3 $142 f4 51. Kc3) 50... g5 $2 (50... Bxc4 $1 $19 51. Kxc4 f6) 51. hxg5 hxg5 52. Kc3 Bxc4 $1 53. Kxc4 $2 {[%mdl 8192] This move loses the game for White.} (53. bxc4 $17 Kc5 54. Kd3) 53... f4 {Black mates.} 54. gxf4 {[#] KPP-KPP} g4 $1 {[%cal Rg4g3]} ({Weaker is} 54... gxf4 55. Kd3 $11) 55. Kd3 {[#]} f5 $1 56. Kd4 Kb5 57. Kd3 Kb4 58. Kd4 Kxb3 59. Kd3 Kb4 60. Kd4 Kb5 ({Worse is} 60... g3 61. Ke3 $11) 61. Kd3 Kc5 62. Ke3 Kc4 {Accuracy: White = 62%, Black = 76%.} 0-1

[Event "CRO-ch Youth U17 2020"]
[Site "Vinkovci"]
[Date "2020.07.29"]
[Round "2.5"]
[White "Jurakic, Lukas"]
[Black "Borzan, Matej"]
[Result "1-0"]
[WhiteElo "2023"]
[BlackElo "1746"]
[Annotator "TA"]
[PlyCount "29"]
[EventDate "2020.07.28"]
[EventType "swiss"]
[EventCountry "CRO"]
[SourceTitle "playchess.com"]
[Source "ChessBase"]
[SourceQuality "1"]

{[%evp 9,29,29,29,25,26,25,86,73,83,35,31,31,79,29,283,263,431,433,799,792,1106,1053]} 1. e4 d6 2. d4 Nf6 3. Nc3 g6 4. h3 Bg7 5. g4 Nbd7 6. Bg2 {B07: Pirc Defence: Miscellaneous Systems.} e5 7. Nge2 b6 (7... O-O $11 {keeps the balance.}) 8. Be3 {White is better.} Bb7 {[#]} 9. f4 $146 ({Predecessor:} 9. O-O O-O 10. Qd2 exd4 11. Bxd4 Ne5 12. b3 Re8 13. f4 Nc6 14. Be3 Rb8 15. Rad1 {0-1 (61) Guccione,C (1983)-Savalla,G (1753) Nicolosi 2014}) 9... Qe7 10. O-O exf4 11. Nxf4 {Threatens to win with e5.} ({Much weaker is} 11. Rxf4 $6 c5 $11) (11. Bxf4 $5 {[%cal Re4e5]} O-O-O 12. Qd3 $14) 11... Nxe4 $2 {[%mdl 8192] This move loses the game for Black.} (11... O-O $11 {and Black has nothing to worry.}) 12. Ncd5 {[%mdl 64] [#] Double Attack} Qh4 $2 (12... Qd8 13. Bxe4 c6) 13. Bxe4 $18 {White is clearly winning.} O-O-O (13... O-O $142 14. Bf2 Qg5 15. Ne7+ Qxe7 16. Bxb7 Rae8) 14. Qf3 c6 15. Ng2 {[%mdl 64] Discovered Attack. Accuracy: White = 76%, Black = 17%.} 1-0

[Event "CRO-ch Youth U17 2020"]
[Site "Vinkovci"]
[Date "2020.07.29"]
[Round "2.6"]
[White "Smetisko, Lucija"]
[Black "Randic, Petra"]
[Result "1-0"]
[WhiteElo "1567"]
[BlackElo "1794"]
[Annotator "NA RC"]
[PlyCount "85"]
[EventDate "2020.07.28"]
[EventType "swiss"]
[EventCountry "CRO"]
[SourceTitle "playchess.com"]
[Source "ChessBase"]
[SourceQuality "1"]
[TimeControl "5400+30"]

1. d4 {[%emt 0:00:30]} Nf6 {[%emt 0:00:30]} 2. c4 {[%emt 0:00:00]} g6 {[%emt 0:00:00]} 3. Nd2 {[%emt 0:01:00]} d5 {[%emt 0:01:00]} 4. Ngf3 {[%emt 0:01:30]} Bg7 {[%emt 0:01:30]} 5. e3 {[%emt 0:01:30]} O-O {[%emt 0:01:30]} 6. Bd3 {[%emt 0:03:30]} dxc4 {[%emt 0:01:30]} 7. Nxc4 {[%emt 0:00:30]} Na6 {[%emt 0:05:30]} 8. O-O {[%emt 0:11:30]} c5 {[%emt 0:02:30]} 9. b3 {[%emt 0:08:30]} cxd4 {[%emt 0:02:30]} 10. Nxd4 {[%emt 0:00:30]} Nb4 {[%emt 0:07:30]} 11. Be2 {[%emt 0:03:30]} Nfd5 {[%emt 0:08:30]} 12. Bb2 {[%emt 0:02:30]} Bd7 {[%emt 0:03:30]} 13. Qd2 {[%emt 0:06:30]} Bh6 {[%emt 0:06:30]} 14. a3 {[%emt 0:06:30]} Nc6 {[%emt 0:02:30]} 15. Rfd1 {[%emt 0:12:30]} Nf6 {[%emt 0:04:30]} 16. Nf3 {[%emt 0:10:30]} Bf5 {[%emt 0:04:30]} 17. Qc3 {[%emt 0:11:15]} Qc7 {[%emt 0:02:30]} 18. Rac1 {[%emt 0:03:23]} Bg7 {[%emt 0:05:30]} 19. b4 {[%emt 0:00:44]} Rfd8 {[%emt 0:06:30]} 20. Qb3 {[%emt 0:05:25]} Rxd1+ {[%emt 0:01:30]} 21. Bxd1 {[%emt 0:00:24]} Qd7 {[%emt 0:07:30]} 22. Nce5 {[%emt 0:01:58]} Nxe5 {[%emt 0:02:30]} 23. Nxe5 {[%emt 0:00:20]} Qd5 {[%emt 0:01:52]} 24. Qxd5 {[%emt 0:04:50]} Nxd5 {[%emt 0:00:08]} 25. Bb3 {[%emt 0:00:49]} Rd8 {[%emt 0:01:34]} 26. Rd1 {[%emt 0:00:48]} e6 {[%emt 0:07:46]} 27. f3 {[%emt 0:00:04]} f6 {[%emt 0:00:50]} 28. Nc4 {[%emt 0:00:33]} b5 {[%emt 0:03:21]} 29. Na5 {[%emt 0:00:11]} Bc2 {[%emt 0:02:16]} 30. Bxc2 {[%emt 0:00:07]} Rc8 {[%emt 0:00:05]} 31. Bb3 {[%emt 0:00:25]} Bh6 {[%emt 0:00:50]} 32. e4 {[%emt 0:01:08]} Be3+ {[%emt 0:00:53]} 33. Kf1 {[%emt 0:00:31]} Nc7 {[%emt 0:01:07]} 34. Bxf6 {[%emt 0:00:39]} Kf7 {[%emt 0:00:26]} 35. Be5 {[%emt 0:00:32]} Ne8 {[%emt 0:01:29]} 36. Ke2 {[%emt 0:00:32]} Bb6 {[%emt 0:00:27]} 37. Nb7 {[%emt 0:00:26]} Rc6 {[%emt 0:00:46]} 38. Nd8+ {[%emt 0:01:29]} Bxd8 {[%emt 0:00:30]} 39. Rxd8 {[%emt 0:00:02]} Ke7 {[%emt 0:00:29]} 40. Rb8 {[%emt 0:01:02]} Nf6 {[%emt 0:01:02]} 41. Rxb5 {[%emt 0:00:31]} Nd7 {[%emt 0:00:28]} 42. Rb7 {[%emt 0:00:07]} a6 {[%emt 0:00:11]} 43. Ba4 {[%emt 0:00:04]} 1-0

[Event "CRO-ch Youth U17 2020"]
[Site "Vinkovci"]
[Date "2020.07.29"]
[Round "2.7"]
[White "Dejanovic, Tereza"]
[Black "Mihaljevic, Eva"]
[Result "1-0"]
[WhiteElo "1788"]
[BlackElo "1223"]
[Annotator "NA RC"]
[PlyCount "79"]
[EventDate "2020.07.28"]
[EventType "swiss"]
[EventCountry "CRO"]
[SourceTitle "playchess.com"]
[Source "ChessBase"]
[SourceQuality "1"]
[TimeControl "5400+30"]

1. e4 {[%emt 0:00:30]} e6 {[%emt 0:00:30]} 2. d4 {[%emt 0:00:00]} d5 {[%emt 0:00:00]} 3. Nd2 {[%emt 0:00:00]} Nf6 {[%emt 0:00:00]} 4. e5 {[%emt 0:00:00]} Nfd7 {[%emt 0:00:00]} 5. c3 {[%emt 0:00:00]} c5 {[%emt 0:00:00]} 6. f4 {[%emt 0:00:30]} Nc6 {[%emt 0:00:30]} 7. Ndf3 {[%emt 0:00:30]} cxd4 {[%emt 0:00:30]} 8. cxd4 {[%emt 0:00:30]} a5 {[%emt 0:00:30]} 9. Ne2 {[%emt 0:03:30]} Nb6 {[%emt 0:01:30]} 10. Nc3 {[%emt 0:03:30]} a4 {[%emt 0:09:30]} 11. a3 {[%emt 0:06:30]} Bd7 {[%emt 0:01:30]} 12. Bd3 {[%emt 0:02:30]} Na5 {[%emt 0:02:30]} 13. O-O {[%emt 0:12:30]} g6 {[%emt 0:03:30]} 14. Rb1 {[%emt 0:07:30]} Bc6 {[%emt 0:17:30]} 15. Be3 {[%emt 0:09:30]} Nbc4 {[%emt 0:01:30]} 16. Bf2 {[%emt 0:00:30]} Nb3 {[%emt 0:03:30]} 17. Qe2 {[%emt 0:08:30]} b5 {[%emt 0:05:30]} 18. Na2 {[%emt 0:08:30]} Qb6 {[%emt 0:04:30]} 19. Nb4 {[%emt 0:04:30]} Bxb4 {[%emt 0:06:30]} 20. axb4 {[%emt 0:00:30]} h6 {[%emt 0:13:30]} 21. Bc2 {[%emt 0:11:20]} Qa7 {[%emt 0:04:30]} 22. Qd3 {[%emt 0:02:38]} Qe7 {[%emt 0:01:30]} 23. Be1 {[%emt 0:09:41]} Ra6 {[%emt 0:08:16]} 24. Bxb3 {[%emt 0:06:56]} axb3 {[%emt 0:00:10]} 25. Qxb3 {[%emt 0:00:02]} Qa7 {[%emt 0:01:10]} 26. Qc3 {[%emt 0:00:41]} Bd7 {[%emt 0:01:50]} 27. b3 {[%emt 0:00:35]} Nb6 {[%emt 0:03:32]} 28. Bh4 {[%emt 0:00:40]} O-O {[%emt 0:01:37]} 29. Be7 {[%emt 0:00:35]} Rc8 {[%emt 0:02:19]} 30. Bc5 {[%emt 0:00:07]} Qb7 {[%emt 0:01:48]} 31. Ra1 {[%emt 0:01:39]} Rca8 {[%emt 0:00:39]} 32. Ra5 {[%emt 0:00:14]} Nc8 {[%emt 0:01:26]} 33. Rfa1 {[%emt 0:00:23]} Rxa5 {[%emt 0:02:32]} 34. Rxa5 {[%emt 0:00:05]} Bc6 {[%emt 0:00:48]} 35. Qa1 {[%emt 0:01:02]} Rxa5 {[%emt 0:00:51]} 36. bxa5 {[%emt 0:00:46]} b4 {[%emt 0:00:46]} 37. a6 {[%emt 0:00:34]} Qb5 {[%emt 0:00:31]} 38. a7 {[%emt 0:00:04]} Ba8 {[%emt 0:00:15]} 39. Qe1 {[%emt 0:00:31]} Kh7 {[%emt 0:01:26]} 40. h3 {[%emt 0:00:50]} 1-0

[Event "CRO-ch Youth U17 2020"]
[Site "Vinkovci"]
[Date "2020.07.29"]
[Round "3.1"]
[White "Levacic, Matej"]
[Black "Perusko, Niko"]
[Result "1-0"]
[WhiteElo "2040"]
[BlackElo "1902"]
[Annotator "ChessBase"]
[PlyCount "57"]
[EventDate "2020.07.28"]
[EventType "swiss"]
[EventCountry "CRO"]
[SourceTitle "playchess.com"]
[Source "ChessBase"]
[SourceQuality "1"]
[TimeControl "5400+30"]

1. d4 {[%emt 0:00:30]} c6 {[%emt 0:00:30]} 2. c4 {[%emt 0:01:30]} e6 {[%emt 0:00:00]} 3. Nf3 {[%emt 0:06:30]} d5 {[%emt 0:00:00]} 4. e3 {[%emt 0:01:30]} Nf6 {[%emt 0:00:30]} 5. b3 {[%emt 0:01:30]} Nbd7 {[%emt 0:04:30]} 6. Bd3 {[%emt 0:01:30]} Bd6 {[%emt 0:01:30]} 7. Bb2 {[%emt 0:01:30]} O-O {[%emt 0:04:30]} 8. Nbd2 {[%emt 0:02:30]} Qe7 {[%emt 0:03:30]} 9. Ne5 {[%emt 0:01:30]} c5 {[%emt 0:06:30]} 10. O-O {[%emt 0:02:30]} Rd8 {[%emt 0:13:30]} 11. f4 {[%emt 0:04:30]} Nf8 {[%emt 0:00:30]} 12. Qc2 {[%emt 0:13:30]} Qc7 {[%emt 0:12:30]} 13. Rf3 {[%emt 0:08:30]} b6 {[%emt 0:10:30]} 14. Rh3 {[%emt 0:04:30]} Bb7 {[%emt 0:05:30]} 15. Rf1 {[%emt 0:06:30]} Ng6 {[%emt 0:11:30]} 16. f5 {[%emt 0:13:30]} exf5 {[%emt 0:01:30]} 17. Bxf5 {[%emt 0:01:30]} Bc8 {[%emt 0:01:36]} 18. cxd5 {[%emt 0:05:30]} Bxe5 {[%emt 0:04:04]} 19. dxe5 {[%emt 0:00:30]} Nxd5 {[%emt 0:00:09]} 20. Nc4 {[%emt 0:04:07]} Nb4 {[%emt 0:08:22]} 21. Qe4 {[%emt 0:03:17]} Bxf5 {[%emt 0:03:00]} 22. Qxf5 {[%emt 0:00:35]} Qe7 {[%emt 0:00:12]} 23. Qh5 {[%emt 0:02:26]} h6 {[%emt 0:01:04]} 24. Nd6 {[%emt 0:05:59]} Qe6 {[%emt 0:02:08]} 25. Nxf7 {[%emt 0:01:14]} Rf8 {[%emt 0:00:01]} 26. Rf6 {[%emt 0:01:25]} Qd5 {[%emt 0:02:10]} 27. Nxh6+ {[%emt 0:00:51]} gxh6 {[%emt 0:00:31]} 28. Qxg6+ {[%emt 0:00:09]} Kh8 {[%emt 0:00:04]} 29. Rxh6# {[%emt 0:00:05]} 1-0

[Event "CRO-ch Youth U17 2020"]
[Site "Vinkovci"]
[Date "2020.07.29"]
[Round "3.2"]
[White "Kovac, Petar"]
[Black "Jurakic, Lukas"]
[Result "1-0"]
[WhiteElo "1949"]
[BlackElo "2023"]
[Annotator "ChessBase"]
[PlyCount "71"]
[EventDate "2020.07.28"]
[EventType "swiss"]
[EventCountry "CRO"]
[SourceTitle "playchess.com"]
[Source "ChessBase"]
[SourceQuality "1"]
[TimeControl "5400+30"]

1. d4 {[%emt 0:00:30]} Nf6 {[%emt 0:00:30]} 2. c4 {[%emt 0:00:00]} g6 {[%emt 0:00:00]} 3. Nc3 {[%emt 0:00:00]} d5 {[%emt 0:00:00]} 4. Nf3 {[%emt 0:00:00]} Bg7 {[%emt 0:00:00]} 5. Qb3 {[%emt 0:00:00]} dxc4 {[%emt 0:00:00]} 6. Qxc4 {[%emt 0:00:00]} O-O {[%emt 0:00:30]} 7. e4 {[%emt 0:01:00]} Na6 {[%emt 0:01:30]} 8. Bg5 {[%emt 0:00:30]} c5 {[%emt 0:01:30]} 9. d5 {[%emt 0:01:30]} h6 {[%emt 0:06:30]} 10. Bh4 {[%emt 0:02:30]} Qa5 {[%emt 0:13:30]} 11. Qb5 {[%emt 0:04:30]} Qxb5 {[%emt 0:06:30]} 12. Bxb5 {[%emt 0:00:00]} Nc7 {[%emt 0:01:30]} 13. a4 {[%emt 0:03:00]} Nxb5 {[%emt 0:03:30]} 14. axb5 {[%emt 0:00:30]} b6 {[%emt 0:02:30]} 15. O-O {[%emt 0:02:30]} e6 {[%emt 0:08:30]} 16. Rfd1 {[%emt 0:06:30]} Nh5 {[%emt 0:06:30]} 17. Be7 {[%emt 0:06:30]} Re8 {[%emt 0:01:30]} 18. d6 {[%emt 0:00:00]} Bd7 {[%emt 0:05:30]} 19. e5 {[%emt 0:01:00]} g5 {[%emt 0:01:30]} 20. h3 {[%emt 0:00:30]} Nf4 {[%emt 0:04:30]} 21. Ne4 {[%emt 0:02:30]} Ng6 {[%emt 0:04:30]} 22. Nf6+ {[%emt 0:00:30]} Bxf6 {[%emt 0:00:00]} 23. exf6 {[%emt 0:00:30]} a6 {[%emt 0:02:00]} 24. bxa6 {[%emt 0:03:30]} Ra7 {[%emt 0:00:30]} 25. b4 {[%emt 0:18:30]} cxb4 {[%emt 0:04:30]} 26. Rdb1 {[%emt 0:01:30]} Rc8 {[%emt 0:03:30]} 27. Rxb4 {[%emt 0:00:30]} b5 {[%emt 0:00:30]} 28. Nd4 {[%emt 0:02:30]} Rc5 {[%emt 0:01:30]} 29. Ra5 {[%emt 0:01:30]} Rc1+ {[%emt 0:02:02]} 30. Kh2 {[%emt 0:00:30]} Nf4 {[%emt 0:02:50]} 31. Nxb5 {[%emt 0:00:30]} Ra8 {[%emt 0:01:37]} 32. Nc7 {[%emt 0:01:30]} Ra7 {[%emt 0:00:26]} 33. Rb7 {[%emt 0:00:00]} Bc6 {[%emt 0:02:00]} 34. d7 {[%emt 0:06:00]} Bxd7 {[%emt 0:04:16]} 35. Rc5 {[%emt 0:01:30]} Rxa6 {[%emt 0:03:18]} 36. Nxa6 {[%emt 0:00:30]} 1-0

[Event "CRO-ch Youth U17 2020"]
[Site "Vinkovci"]
[Date "2020.07.29"]
[Round "3.3"]
[White "Ljubicic, Mario"]
[Black "Troselj, Ivan"]
[Result "1/2-1/2"]
[WhiteElo "1966"]
[BlackElo "1857"]
[Annotator "ChessBase"]
[PlyCount "109"]
[EventDate "2020.07.28"]
[EventType "swiss"]
[EventCountry "CRO"]
[SourceTitle "playchess.com"]
[Source "ChessBase"]
[SourceQuality "1"]
[TimeControl "5400+30"]

1. e4 {[%emt 0:00:30]} e6 {[%emt 0:00:30]} 2. d3 {[%emt 0:00:00]} c5 {[%emt 0:00:30]} 3. g3 {[%emt 0:01:00]} Nc6 {[%emt 0:00:30]} 4. Bg2 {[%emt 0:00:30]} Nf6 {[%emt 0:00:30]} 5. Nf3 {[%emt 0:00:30]} Be7 {[%emt 0:00:30]} 6. O-O {[%emt 0:00:30]} O-O {[%emt 0:00:30]} 7. Qe2 {[%emt 0:02:30]} b6 {[%emt 0:01:30]} 8. Bf4 {[%emt 0:00:30]} Bb7 {[%emt 0:00:30]} 9. Nbd2 {[%emt 0:00:30]} d6 {[%emt 0:05:30]} 10. h4 {[%emt 0:03:30]} h6 {[%emt 0:03:30]} 11. c3 {[%emt 0:03:30]} Ba6 {[%emt 0:04:30]} 12. Nb3 {[%emt 0:07:30]} Rc8 {[%emt 0:07:30]} 13. Rfd1 {[%emt 0:07:30]} e5 {[%emt 0:06:30]} 14. Bd2 {[%emt 0:01:30]} Qd7 {[%emt 0:03:30]} 15. Nh2 {[%emt 0:18:30]} d5 {[%emt 0:07:30]} 16. Qf3 {[%emt 0:04:30]} dxe4 {[%emt 0:04:30]} 17. dxe4 {[%emt 0:01:30]} c4 {[%emt 0:03:30]} 18. Be3 {[%emt 0:02:30]} Qe6 {[%emt 0:00:30]} 19. Nd2 {[%emt 0:00:30]} Rcd8 {[%emt 0:00:30]} 20. g4 {[%emt 0:02:30]} Nh7 {[%emt 0:01:30]} 21. Qg3 {[%emt 0:04:30]} g5 {[%emt 0:05:30]} 22. hxg5 {[%emt 0:00:30]} hxg5 {[%emt 0:00:30]} 23. Nhf1 {[%emt 0:05:30]} Nf6 {[%emt 0:06:30]} 24. Bxg5 {[%emt 0:02:30]} Qxg4 {[%emt 0:00:30]} 25. Qxg4 {[%emt 0:01:30]} Nxg4 {[%emt 0:00:30]} 26. Bxe7 {[%emt 0:00:30]} Nxe7 {[%emt 0:00:00]} 27. Bh3 {[%emt 0:00:30]} Nh6 {[%emt 0:00:00]} 28. Ne3 {[%emt 0:00:00]} b5 {[%emt 0:01:30]} 29. a4 {[%emt 0:02:00]} f5 {[%emt 0:01:30]} 30. axb5 {[%emt 0:01:30]} Bxb5 {[%emt 0:00:30]} 31. exf5 {[%emt 0:00:30]} Nhxf5 {[%emt 0:00:30]} 32. Bxf5 {[%emt 0:02:30]} Nxf5 {[%emt 0:00:30]} 33. Ndxc4 {[%emt 0:00:00]} Nxe3 {[%emt 0:01:30]} 34. Rxd8 {[%emt 0:02:00]} Nxc4 {[%emt 0:00:30]} 35. Rxf8+ {[%emt 0:00:30]} Kxf8 {[%emt 0:00:00]} 36. Rxa7 {[%emt 0:00:00]} Ke8 {[%emt 0:00:00]} 37. b3 {[%emt 0:01:00]} Nd2 {[%emt 0:00:30]} 38. Ra5 {[%emt 0:00:30]} Bc6 {[%emt 0:01:30]} 39. b4 {[%emt 0:02:30]} Kd7 {[%emt 0:00:00]} 40. Kh2 {[%emt 0:00:30]} Kd6 {[%emt 0:01:00]} 41. Ra6 {[%emt 0:02:37]} Kd5 {[%emt 0:01:30]} 42. Ra5+ {[%emt 0:00:35]} Kd6 {[%emt 0:02:30]} 43. b5 {[%emt 0:01:30]} Bb7 {[%emt 0:00:30]} 44. Ra7 {[%emt 0:01:40]} Kc7 {[%emt 0:00:30]} 45. Ra2 {[%emt 0:00:10]} Ne4 {[%emt 0:00:30]} 46. Re2 {[%emt 0:01:44]} Kd6 {[%emt 0:00:00]} 47. Re3 {[%emt 0:01:43]} Nxf2 {[%emt 0:01:00]} 48. Kg3 {[%emt 0:01:31]} Ne4+ {[%emt 0:00:00]} 49. Kg4 {[%emt 0:01:28]} Bc8+ {[%emt 0:00:00]} 50. Kh5 {[%emt 0:00:51]} Nf6+ {[%emt 0:01:30]} 51. Kg6 {[%emt 0:00:34]} Nd5 {[%emt 0:00:30]} 52. Re4 {[%emt 0:05:52]} Be6 {[%emt 0:10:30]} 53. Ra4 {[%emt 0:03:34]} Nxc3 {[%emt 0:00:30]} 54. Ra6+ {[%emt 0:00:21]} Kd5 {[%emt 0:00:30]} 55. b6 {[%emt 0:01:37]} 1/2-1/2